| 000 | 00457nam a2200169 i 4500 | ||
|---|---|---|---|
| 001 | 79707 | ||
| 003 | ES-MaACL | ||
| 005 | 20251108153259.0 | ||
| 007 | t| | ||
| 008 | 041022s1920 fr ||||1| fre d | ||
| 100 | 1 |
_aHertz, Henri. _963401 |
|
| 245 | 1 | 0 |
_aHenri Barbusse, son oeuvre / _cHenri Hertz. |
| 260 |
_aParis : _bCarnet-Critique, _c1920. |
||
| 600 | 1 | 4 |
_aBarbusse, Henri, _d1873-1935 _925487 |
| 852 |
_aES-MaACL _j1584-F-4 |
||
| 999 |
_c79707 _d79707 |
||